গিরিশচন্দ্র / (Record no. 53676)
[ view plain ]
| 000 -LEADER | |
|---|---|
| fixed length control field | 00961nam a2200253 a 4500 |
| 001 - CONTROL NUMBER | |
| control field | 53676 |
| 003 - CONTROL NUMBER IDENTIFIER | |
| rucl marc code | BD-RjUL |
| 005 - DATE AND TIME OF LATEST TRANSACTION | |
| control field | 20211209080012.0 |
| 008 - FIXED-LENGTH DATA ELEMENTS--GENERAL INFORMATION | |
| fixed length control field | 161023s1939 ii ||||| |||| 00| 0 ben d |
| 035 ## - SYSTEM CONTROL NUMBER | |
| System control number | (BD-RjUL)53798 |
| 040 ## - CATALOGING SOURCE | |
| Original cataloging agency | BD-RjUL |
| Language of cataloging | ben |
| Transcribing agency | BD-RjUL |
| 041 ## - LANGUAGE CODE | |
| Language code of text/sound track or separate title | ben |
| 082 ## - DEWEY DECIMAL CLASSIFICATION NUMBER | |
| Edition number | 23 |
| Classification number | 891.44092 |
| Author mark and year | BAG 1939 |
| 100 ## - MAIN ENTRY--PERSONAL NAME | |
| Personal name | বসু, দেবেন্দ্রনাথ |
| 9 (RLIN) | 160416 |
| 245 10 - TITLE STATEMENT | |
| Title | গিরিশচন্দ্র / |
| Statement of responsibility, etc. | দেবেন্দ্রনাথ বসু |
| 260 ## - PUBLICATION, DISTRIBUTION, ETC. (IMPRINT) | |
| Place of publication, distribution, etc. | কলিকাতা : |
| Name of publisher, distributor, etc. | কলিকাতা বিশ্ববিদ্যালয় / |
| Date of publication, distribution, etc. | ১৯৩৯ |
| 300 ## - PHYSICAL DESCRIPTION | |
| Pagination | [৮], ১০২ পৃ. ; |
| Size | ২২ সেমি. |
| 500 ## - GENERAL NOTE | |
| General note | Girischandra Ghosh Lectures, 1933 |
| 600 ## - SUBJECT ADDED ENTRY--PERSONAL NAME | |
| Personal name | গিরিশচন্দ্র |
| Dates associated with a name | ১৮৪৪-১৯১২ |
| Personal name | Girischandra |
| Dates associated with a name | 1844-1912 |
| 650 ## - SUBJECT ADDED ENTRY--TOPICAL TERM | |
| Topical term or geographic name as entry element | আত্মজীবনী |
| 9 (RLIN) | 121011 |
| Topical term or geographic name as entry element | Autobiography |
| 9 (RLIN) | 160419 |
| 942 ## - ADDED ENTRY ELEMENTS (KOHA) | |
| Source of classification or shelving scheme | Dewey Decimal Classification |
| Koha item type | Books |
| Lost status | Source of classification or shelving scheme | Damaged status | Not for loan | Collection code | Permanent Location | Current Location | Shelving location | Date acquired | Source of acquisition | Cost, normal purchase price | Total Checkouts | Full call number | Date last seen | Copy number | Koha item type |
|---|---|---|---|---|---|---|---|---|---|---|---|---|---|---|---|
| Dewey Decimal Classification | Non-fiction | Central Library, University of Rajshahi | Central Library, University of Rajshahi | 20/11/1962 | Kamala Book | 1.25 | B 891.44092 BAG 1939 | 23/10/2016 | C-2 | Books | |||||
| Dewey Decimal Classification | Non-fiction | Central Library, University of Rajshahi | Central Library, University of Rajshahi | 20/11/1962 | Kamala Book | 1.25 | B 891.44092 BAG 1939 | 23/10/2016 | C-3 | Books | |||||
| Dewey Decimal Classification | Non-fiction | Central Library, University of Rajshahi | Central Library, University of Rajshahi | 04/02/1958 | Kamala book | 1.25 | B 891.44092 BAG 1939 | 26/11/2016 | C-4 | Books |